000 00723nam a2200289Ia 4500
001 13884
003 IT-RoPAU
008 130308s9999 xx 000 0 und d
040 _aIT-RoPAU
040 _cIT-RoPAU
041 _aITALIANO
100 _aLombardo Goffredo
100 _gCodice Aut. SPICS: 4538
245 _aDovevo farlo
245 _bRocco e I Suoi Fratelli
250 _a1a ed.
260 _aBOLOGNA
260 _bCappelli
260 _c1960 [1° Ed.:1960 - Ed.Ling.Originale:1960]
300 _a"4 p. (prefazione: no ; testo: 4 [pagine: 51-54])"
650 _aAUTORI/OPERE DEL CINEMA
650 _eCodice materia Spics: 6807
942 _cBK
957 _71
999 _c52628
_d52628
999 _bSI
999 _g1